000 07937namaa22004451i 4500
003 EG-GICUC
005 20260418134459.0
008 260418b |||a|||frm||| 000 0 eng d
040 _aEG-GICUC
_beng
_cEG-GICUC
_dEG-GICUC
_erda
041 0 _aeng
_beng
_bara
049 _aDeposit
082 0 4 _a572.8
092 _a572.8
_221
097 _aM.Sc
099 _aCai01.07.10.M.Sc.025.Ra.S
100 0 _aRanda Ibrahim Abdellatif Ahmed,
_epreparation.
245 1 0 _aSelect of chickpea genotypes with potential tolerance to salinity stress based on genome-wide association analysis /
_cby Randa Ibrahim Abdellatif Ahmed ; Supervisors Dr. Sara Baioumy Hassan, Dr. Neama Hussein Osman, Dr. Alsamman Mahmoud Mohamad Ali.
246 1 5 _a تحديد الانماط الوراثية للحمص ذات المقدرة على تحمل الاجهاد الملحي باستخدام تحليل الارتباط على مستوي الجينوم
264 0 _c2025.
300 _a87 pages :
_billustrations ;
_c25 cm. +
_eCD.
336 _atext
_2rda content
337 _aUnmediated
_2rdamedia
338 _avolume
_2rdacarrier
502 _aThesis (M.Sc)-Cairo University, 2025.
504 _aBibliography: pages 64-87.
520 3 _a Wheat, the first crop cultivated on earth, is a crucial staple food that must be grown in larg quantities to meet the needs of the expanding global population. Fusarium head blight (FHB), caused by destructive plant pathogenic fungi, harms wheat and other cereal crops. Fungi's degradation of fresh produce results in significant global economic losses. Despite the boost in agricultural productivity from chemical fertilizers and pesticides, there are notable environmental consequences. Researchers stress the importance of Microbial volatile organic compounds (MVOCs) in medicinal and agricultural biotechnology. In sustainable agriculture, MVOCs are potential eco-friendly substitutes for conventional pesticides. Hence, the objective of this study was to assess the effectiveness of volatile organic compounds (VOCs), produced by bacteria isolated from Egyptian wheat plants, in inhibiting the growth of Fusarium graminearum. Two hundred bacterial isolates collected from various parts of wheat plants and soil samples were evaluated for their ability to produce VOCs with antifungal properties in vitro. The findings revealed that the VOCs inhibited the growth of Fusarium graminearum by 88.8 ±5.1 % after ten days, indicating a significant inhibitory effect on fungal mycelial growth. In this work, bioactive secondary metabolites were chemically identified using a GC-MS spectrometer for VOCs released by three tested antifungal bacterial isolates: Bacillus paramycoides with Accession No: PP227470, Achromobacter denitrificans with Accession No: PP227472 and Alcaligenes faecaliswith Accession No: PP227471. Bacillus paramycoids have been identified as the producer of 9 bioactive substances, which have known antibacterial and some anticancer properties, along with previous recognition for their effectiveness as antifungal agents. Achromobacter dentrificans also produces 3 volatile organic compounds with documented antifungal capabilities. The research emphasizes the antifungal properties of these VOCs and highlights the discovery of three VOCs produced by the Alcaligenes faecalis strain, all showing antifungal activity in prior studies. This underscores the potential of these bioactive substances and VOCs as effective antifungal agents. According to these findings, these substances can be employed as antagonists to develop a cutting-edge method of preventing fungal infections
520 3 _a القمح، أول محصول تم زراعته على وجه الأرض، هو غذاء أساسي حيوي يجب زراعته بكميات أكبر لتلبية احتياجات السكان المتزايدة. مرض تعفن القمه(FHB) الذى تسببه الفطريات الممرضة يؤدي إلى خسائر اقتصادية كبيرة على مستوى العالم. وعلى الرغم من زيادة الإنتاجية الزراعية باستخدام الأسمدة الكيميائية والمبيدات الحشرية، إلا أن هناك عواقب بيئية ملحوظة. يشدد الباحثون على أهمية المركبات العضوية الطياره الميكروبية (VOCs) في مجال التكنولوجيا الحيوية الطبية والزراعية. في الزراعة المستدامة، تُعد المركبات العضوية المتطايرة الميكروبية (MVOCs) بدائل صديقة للبيئة للمبيدات التقليدية. لذا كان الهدف من هذه الدراسة هو تقييم فعالية المركبات العضوية الطياره التي تنتجها البكتيريا المعزولة من نباتات القمح المصرية في تثبيط نمو الفطر .Fusarium graminearum تم تقييم مائتي عزلة بكتيرية تم جمعها من أجزاء مختلفة من نباتات القمح وعينات التربة على قدرتها في إنتاج المركبات العضوية المتطايرة ذات الخصائص المضادة للفطريات. أظهرت النتائج أن المركبات العضوية المتطايرة قد منعت نمو Fusarium graminearum بنسبة 88.8± 5.1% بعد عشرة أيام، مما يشير إلى تأثير مثبط ملحوظ على نمو الفطريات. في هذه الدراسة، تم تحديد المركبات الثانوية النشطة بيولوجيًا باستخدام جهاز GC-MS لتحليل المركبات العضوية المتطايرة المنبعثة من ثلاث عزلات بكتيرية مضادة للفطريات العزلات البكتيرية Bacillus paramycoides (رقم الوصول: PP227470)، Achromobacter denitrificans (رقم الوصول: PP227472)، وAlcaligenes faecalis (رقم الوصول: PP227471).تم التعرف على Bacillus paramycoides كمنتج لـ 9 مواد نشطة بيولوجيًا، والتي لها خصائص مضادة للبكتيريا وبعض الخصائص المضادة للسرطان، بالإضافة إلى اعتراف سابق بفعاليتها كمبيدات للفطريات. كما أن Achromobacter dentrificans ينتج 3 مركبات عضوية متطايرة ذات خصائص مضادة للفطريات موثقة. تؤكد هذه الدراسة على الخصائص المضادة للفطريات لهذه المركبات العضوية المتطايرة (VOCs) وتبرز اكتشاف 3 مركبات عضوية متطايرة تنتجها سلالة Alcaligenes faecalis، جميعها أظهرت نشاطًا مضادًا للفطريات في دراسات سابقة. وهذا يسلط الضوء على إمكانيات هذه المواد النشطة بيولوجيًا والمركبات العضوية المتطايرة كعوامل فعالة ضد الفطريات. وفقًا لهذه النتائج، يمكن استخدام هذه المواد كعوامل مضادة لتطوير طريقة مبتكرة لمنع العدوى الفطرية
530 _aIssues also as CD.
546 _aText in English and abstract in Arabic & English.
650 0 _aGenetics
650 0 _aوراثـة
653 1 _aChickpea
_asalinity stress
_aGWAS
_atranscriptome
_agene expression
_aالحمص
_aالاجهاد الملحي
700 0 _aSara Baioumy Hassan
_ethesis advisor.
700 0 _aNeama Hussein Osman
_ethesis advisor.
700 0 _aAlsamman Mahmoud Mohamad Ali
_ethesis advisor.
900 _b01-01-2025.
_cSara Baioumy Hassan
_cNeama Hussein Osman
_cAlsamman Mahmoud Mohamad Ali
_UCairo University
_FFaculty of Agriculture
_DDepartment of Genetics
905 _aShimaa
942 _2ddc
_n0
_cTH
_e21
999 _c179555